[Event "Druzynowe Mistrzostwa Polski Juniorow 2018 - II Liga"]
[Site "Szczyrk"]
[Date "1899-12-30"]
[Round "2.88"]
[White "Uliasz, Katarzyna"]
[Black "Mysliwiec, Natalia"]
[Result "0-1"]
[WhiteTitle "I"]
[BlackTitle "I"]
[WhiteElo "1236"]
[BlackElo "1377"]

1. e4 d5 2. exd5 Qxd5 3. Nc3 Qd6 4. d4 Nf6 5. Nf3 Bg4 6. Be2 e6 7. h3 Bh5 8. Be3
c6 9. O-O Be7 10. Qd2 O-O 11. Bf4 Qd8 12. Rfd1 Nbd7 13. Ne5 Nb6 14. g4 Bg6 15.
Nxg6 hxg6 16. Rab1 Nfd5 17. Nxd5 Nxd5 18. Bh2 Qd7 19. Bf3 Rfd8 20. Bg2 Nb6 21.
Qe2 Bf6 22. c3 Qe7 23. f4 g5 24. h4 gxh4 25. g5 Bxg5 26. fxg5 Qxg5 27. Kh1 Qh6
28. Bh3 Nd5 29. Rg1 f5 30. Qg2 Kh7 31. Rbe1 Rg8 32. c4 Nb6 33. Qg5 Rae8 34. b3
Nd7 35. Bf4 Rgf8 36. Qg2 Qf6 37. Be5 Nxe5 38. dxe5 Qh6 39. Qg5 g6 40. Rd1 Qxg5
41. Rxg5 Kh6 42. Rdg1 Rg8 43. Bf1 Rd8 44. Be2 Rg7 45. Bd1 Rxd1 46. Rxd1 Kxg5 47.
Rd6 Re7 48. a4 Kf4 49. Rd4+ Kxe5 50. Rxh4 g5 51. Rh3 Kf4 52. b4 g4 53. Rd3 g3
54. b5 cxb5 55. axb5 Kg4 56. Kg2 f4 57. c5 e5 58. c6 bxc6 59. bxc6 Rc7 60. Rd7
Rxc6 61. Rxa7 Rc2+ 62. Kg1 g2 63. Rg7+ Kf3 64. Rg3+ Ke4 65. Ra3 f3 66. Ra4+ Ke3
67. Ra3+ Ke2 68. Ra1 Rd2 69. Rf1 Qgxf1+ 70. Kh2 Qg2# 0-1

[Event "Druzynowe Mistrzostwa Polski Juniorow 2018 - II Liga"]
[Site "Szczyrk"]
[Date "1899-12-30"]
[Round "2.89"]
[White "Pudelko, Magdalena"]
[Black "Mansz, Martyna"]
[Result "1-0"]
[WhiteTitle "I"]
[BlackTitle "III"]
[WhiteElo "1358"]
[BlackElo "1063"]

1. e4 e5 2. Nf3 Nf6 3. Nxe5 d6 4. Nf3 Nxe4 5. c3 Nf6 6. d4 d5 7. Bb5+ Nbd7 8. O-O
a6 9. Bd3 Be7 10. Re1 O-O 11. Ne5 c5 12. Bg5 c4 13. Bc2 Nxe5 14. dxe5 Ne4 15.
Bxe7 Qxe7 16. Qxd5 Nc5 17. Qxc4 Be6 18. Qe2 Qg5 19. b4 Bh3 20. g3 Ne6 21. Qe4
f5 22. exf6 g6 23. Qxb7 Qxf6 24. Qb6 Qf3 25. Be4 Qf7 26. Bxa8 Rxa8 27. Nd2 Qd7
28. Qe3 Qd5 29. Qf3 Qd8 30. Rad1 Ng5 31. Qe3 Qd5 32. Ne4 Qb7 33. Qxg5 Re8 34.
Qd5+ Qxd5 35. Rxd5 Bf5 36. Nf6+ Kf7 37. Nxe8 Be6 38. Nd6+ Ke7 39. Rde5 Kxd6 40.
Rxe6+ Kd5 41. R1e4 h5 42. c4# 1-0

[Event "Druzynowe Mistrzostwa Polski Juniorow 2018 - II Liga"]
[Site "Szczyrk"]
[Date "1899-12-30"]
[Round "2.90"]
[White "Twardowski, Hubert"]
[Black "Grzegorski, Michal"]
[Result "1-0"]
[WhiteTitle "I"]
[BlackTitle "II"]
[WhiteElo "1728"]
[BlackElo "1416"]

1. e4 c5 2. Nf3 d6 3. d4 cxd4 4. Nxd4 Nf6 5. Nc3 a6 6. f3 e5 7. Nb3 Be6 8. Bg5
Nbd7 9. Qd2 Be7 10. Be2 b5 11. Be3 Nb6 12. a3 Nc4 13. Bxc4 Bxc4 14. Nc1 Qc7 15.
Nd3 Rc8 16. O-O d5 17. exd5 Bxd5 18. Rfe1 Be6 19. Bg5 Bd6 20. Bxf6 gxf6 21. Ne4
Qe7 22. Qh6 f5 23. Nf6+ Kd8 24. Rad1 Rxc2 25. Nb4 Rc4 26. b3 Rc8 27. Nfd5 Qa7+
28. Kh1 Ke8 29. Qg7 Kd7 30. Nf6+ Ke7 31. Nbd5+ Bxd5 32. Nxd5+ Ke6 33. Qf6+ Kd7
34. Qxf7+ Kd8 35. Qxa7 1-0

[Event "Druzynowe Mistrzostwa Polski Juniorow 2018 - II Liga"]
[Site "Szczyrk"]
[Date "1899-12-30"]
[Round "2.91"]
[White "Jedraszek, Pawel"]
[Black "Sulima, Franciszek"]
[Result "1-0"]
[WhiteTitle "I"]
[BlackTitle "II"]
[WhiteElo "1507"]
[BlackElo "1281"]

1. e4 c5 2. Nf3 d6 3. d4 cxd4 4. Nxd4 e6 5. Nc3 Be7 6. Bd3 a6 7. O-O Nd7 8. Kh1
Ngf6 9. f4 O-O 10. Qe2 Qc7 11. Bd2 b5 12. a3 Bb7 13. Rae1 Nc5 14. e5 dxe5 15.
fxe5 Nd5 16. Nxd5 Bxd5 17. Qg4 Nxd3 18. cxd3 Rfd8 19. Bh6 Bf8 20. h4 Qb7 21. Nf3
Bxf3 22. Rxf3 Rac8 23. Bxg7 Bxg7 24. Rg3 Kf8 25. Qxg7+ Ke7 26. Qf6+ Kf8 27. Rf1
Rc7 28. Qxd8# 1-0

[Event "Druzynowe Mistrzostwa Polski Juniorow 2018 - II Liga"]
[Site "Szczyrk"]
[Date "1899-12-30"]
[Round "2.92"]
[White "Trzebinski, Patryk"]
[Black "Rosinski, Filip"]
[Result "0-1"]
[WhiteTitle "I"]
[BlackTitle "II"]
[WhiteElo "1779"]
[BlackElo "1345"]

1. e4 c5 2. Nf3 d6 3. d4 cxd4 4. Qxd4 a6 5. Be3 Nf6 6. Nc3 Nc6 7. Qb6 Qxb6 8. Bxb6
g6 9. O-O-O Bg7 10. Bc4 O-O 11. Rhe1 Nd7 12. Be3 b5 13. Bb3 Bb7 14. Nd5 Nf6 15.
Nd4 Nxd5 16. Bxd5 Rac8 17. f3 Rc7 18. Re2 Nxd4 19. Bxd4 Bxd5 20. exd5 Bxd4 21.
Rxd4 Rfc8 22. Rde4 Kf8 23. a4 Rb8 24. Rh4 Kg7 25. Rb4 Rbb7 26. Ree4 Rc5 27. c4
Rbc7 28. b3 Rxd5 29. Rxe7 Rxe7 30. cxd5 Rc7+ 31. Kd2 Rc5 32. Rd4 a5 33. Kd3 bxa4
34. bxa4 Kf6 35. Ke4 Rc2 36. g4 Rxh2 37. Rc4 Ra2 38. Kf4 Rd2 39. g5+ Kg7 40. Ke4
Rh2 41. Rc6 Rh4+ 42. f4 f5+ 43. gxf6+ Kxf6 44. Rxd6+ Ke7 45. Ra6 g5 46. Ke5 gxf4
47. Rxa5 f3 48. Ra7+ Kd8 49. Kd6 Rh6+ 50. Kc5 Rf6 51. d6 f2 52. Kc6 Ke8 53. Rxh7
Qf1 54. Re7+ Kf8 55. Rc7 Qa6+ 56. Kd7 Qxd6+ 57. Kc8 Qa6+ 58. Kd7 Rd6# 0-1

[Event "Druzynowe Mistrzostwa Polski Juniorow 2018 - II Liga"]
[Site "Szczyrk"]
[Date "1899-12-30"]
[Round "2.93"]
[White "Wawrzyniak, Karol"]
[Black "Dembicki, Karol"]
[Result "0-1"]
[WhiteTitle "II"]
[BlackTitle "II"]
[WhiteElo "1222"]
[BlackElo "1457"]

1. e4 c5 2. Nf3 d6 3. c4 Nf6 4. Nc3 e6 5. d4 cxd4 6. Nxd4 Be7 7. Be2 O-O 8. Be3
b6 9. O-O Bb7 10. f3 Nbd7 11. Qd2 Rc8 12. Rfd1 a6 13. Rac1 Ne5 14. b3 Qc7 15.
Bf1 Rfd8 16. Qf2 Nfd7 17. Nc2 Nc5 18. Kh1 Bc6 19. Nb4 Qb7 20. h3 Be8 21. Nd3 Nexd3
22. Bxd3 Nxd3 23. Rxd3 b5 24. cxb5 Bxb5 25. Nxb5 Qxb5 26. Rdc3 Rxc3 27. Rxc3 d5
28. exd5 Qxd5 29. Rc1 h6 30. Qg3 Kh8 31. Qc7 Ba3 32. Rg1 Qd7 33. Qa5 Qd6 34. Bf4
Qe7 35. Qxa6 Bc5 36. Rf1 Qh4 37. Bc7 Rd2 38. Ba5 Rd5 39. Be1 Qf4 40. Qe2 Re5 41.
Qd2 Be3 42. Qb4 Qf6 43. Bc3 Bf4 44. Bxe5 Bxe5 45. a4 Qg6 46. Qc4 Qg3 47. f4 Bd6
48. a5 e5 0-1

[Event "Druzynowe Mistrzostwa Polski Juniorow 2018 - II Liga"]
[Site "Szczyrk"]
[Date "1899-12-30"]
[Round "2.94"]
[White "Filipska, Maja"]
[Black "Piotrowska, Florentyna"]
[Result "1-0"]
[WhiteTitle "I++"]
[BlackTitle "I"]
[WhiteElo "1569"]
[BlackElo "1259"]

1. e4 e5 2. d4 exd4 3. Bc4 Nf6 4. Nf3 Nc6 5. O-O Nxe4 6. Re1 d5 7. Bxd5 Qxd5 8.
Nc3 Qa5 9. Nxe4 Be6 10. Neg5 O-O-O 11. Nxe6 fxe6 12. Rxe6 Bd6 13. Bd2 Qf5 14.
Re1 h6 15. Nh4 Qd7 16. Qh5 Rhf8 17. Rad1 Qf7 18. Qxf7 Rxf7 19. Nf3 Rfd7 20. a3
Re7 21. Rxe7 Bxe7 22. b4 a6 23. Bf4 Bf6 24. Kf1 Re8 25. Re1 Rxe1+ 26. Kxe1 g5
27. Bg3 d3 28. Kd2 dxc2 29. Kxc2 Nd4+ 30. Nxd4 Bxd4 31. f4 Kd7 32. fxg5 hxg5 33.
Kd3 Bb6 34. Be5 Ke6 35. Bd4 Bxd4 36. Kxd4 Kf5 37. Kd5 g4 38. h3 g3 39. a4 b6 40.
Kc6 Kf4 41. Kxc7 Ke3 42. h4 Kf2 43. h5 Kxg2 44. h6 Kf3 45. h7 g2 46. Qh8 Qg1 47.
Qf6+ Ke4 48. Qe6+ Kf3 49. Qxb6 Qg7+ 50. Kb8 Ke2 51. Qxa6+ Kd2 52. Qd6+ Kc3 53.
b5 Qg8+ 54. Kb7 Kb3 55. a5 Qf7+ 56. Ka6 Qc4 57. Qc6 Qe2 58. Ka7 Qe7+ 59. Qb7 Qc5+
60. Ka6 Qd6+ 61. b6 Qd3+ 62. Ka7 Qb5 63. a6 Ka4 64. Qe4+ Ka3 65. b7 Qd7 66. Ka8
1-0

[Event "Druzynowe Mistrzostwa Polski Juniorow 2018 - II Liga"]
[Site "Szczyrk"]
[Date "1899-12-30"]
[Round "2.95"]
[White "Jedrzejewska, Zuzanna"]
[Black "Skolska, Emilia"]
[Result "1/2-1/2"]
[WhiteTitle "I"]
[BlackTitle "I"]
[WhiteElo "1242"]
[BlackElo "1157"]

1. e4 e5 2. Nf3 Nc6 3. Bb5 a6 4. Ba4 d6 5. O-O Nf6 6. Re1 Be7 7. c3 O-O 8. h3 b5
9. Bb3 Na5 10. Bc2 Re8 11. d4 Bb7 12. Bg5 Qd7 13. dxe5 dxe5 14. Bxf6 Qxd1 15.
Rxd1 gxf6 16. Nbd2 c5 17. Nh4 Kg7 18. Nf5+ Kg6 19. Nf3 Bc6 20. g4 Nc4 21. h4 h6
22. Rab1 Bf8 23. Nd2 Nxd2 24. Rxd2 Rad8 25. Rbd1 Rxd2 26. Rxd2 h5 27. gxh5+ Kxh5
28. f3 Kg6 29. Rg2+ Kh7 30. h5 Bh6 31. a3 Bd7 32. Nxh6 Kxh6 33. Rh2 Rg8+ 34. Kf2
Rg5 35. Ke3 Rxh5 36. Rd2 Be6 37. Bd1 Kg7 38. Rd6 Rh1 39. Bc2 Rh2 40. Rd2 Rxd2
41. Kxd2 Kg6 42. Ke3 f5 43. f4 f6 44. Bd3 c4 45. Bc2 a5 46. Kf3 a4 47. Kg3 Bd7
48. Bb1 fxe4 49. fxe5 fxe5 50. Bxe4+ Kg5 51. Bf3 Be8 52. Be4 Kf6 53. Kf3 Ke6 54.
Ke3 Kd6 55. Kd2 Bc6 56. Bf5 Bg2 57. Ke3 Kd5 58. Bd7 Kc5 59. Be8 Bc6 60. Bg6 Kd6
61. Bf5 Ke7 62. Bg6 Kf6 63. Bh7 Kg5 64. Bc2 Kg4 65. Bd1+ Kg3 66. Bh5 Kg2 67. Be2
Kg3 68. Bh5 Kg2 69. Bg4 Kg3 70. Bh5 Kg2 71. Bd1 Kg3 72. Be2 1/2-1/2

[Event "Druzynowe Mistrzostwa Polski Juniorow 2018 - II Liga"]
[Site "Szczyrk"]
[Date "1899-12-30"]
[Round "2.96"]
[White "Rzasa, Michal"]
[Black "Kucharski, Bartlomiej"]
[Result "0-1"]
[WhiteTitle "III"]
[BlackTitle "I"]
[WhiteElo "1000"]
[BlackElo "1861"]

1. e4 d5 2. exd5 Qxd5 3. Nc3 Qa5 4. d4 Nf6 5. Bd2 c6 6. Nf3 Bf5 7. Be2 e6 8. a3
Qc7 9. Nh4 Bg6 10. Nxg6 hxg6 11. h3 Bd6 12. Be3 Nbd7 13. Bf3 Nb6 14. Qe2 O-O-O
15. Bg5 Bf4 16. Bxf6 gxf6 17. Rd1 f5 18. g3 Bg5 19. Rd3 Bf6 20. Nd1 Rxd4 21. Rb3
e5 22. Bg2 Rhd8 23. Nc3 e4 24. O-O Rd2 25. Qe3 Rxc2 26. Rd1 Rxd1+ 27. Nxd1 Qd6
28. Nc3 Bd4 29. Qh6 Bxf2+ 30. Kf1 Qd3+ 31. Ne2 Qxe2# 0-1

[Event "Druzynowe Mistrzostwa Polski Juniorow 2018 - II Liga"]
[Site "Szczyrk"]
[Date "1899-12-30"]
[Round "2.97"]
[White "Wolak, Kamil"]
[Black "Grubiak, Karol"]
[Result "1-0"]
[WhiteTitle "II+"]
[BlackTitle "IV"]
[WhiteElo "1579"]
[BlackElo "1000"]

1. e4 e5 2. Nf3 Nc6 3. Bc4 Nf6 4. Ng5 d5 5. exd5 Nxd5 6. Qf3 Qxg5 7. Bxd5 Qf6 8.
Qxf6 gxf6 9. c3 Ne7 10. Bf3 Rg8 11. d3 Nf5 12. g3 Bh6 13. Bxh6 Nxh6 14. Nd2 f5
15. O-O-O Ng4 16. Rdf1 c6 17. Nc4 f6 18. h3 Nh6 19. Re1 Be6 20. Nd6+ Kd7 21. Nxb7
Bxa2 22. Na5 Bd5 23. Bxd5 cxd5 24. Kc2 Nf7 25. Ra1 Nd6 26. Nb3 Rgc8 27. d4 e4
28. Nc5+ Ke7 29. Ra5 Nc4 30. Ra6 Rcb8 31. b3 Nd6 32. Rha1 Nc8 33. Rc6 Kf7 34.
Rc7+ Kg6 35. Nd7 Rb5 36. c4 dxc4 37. bxc4 Rb4 38. Kc3 a5 39. Rxa5 Rxa5 40. Kxb4
Ra8 41. Nf8+ Kh6 42. Rxh7+ Kg5 43. Ne6+ Kg6 44. Rg7+ Kh6 45. Rg8 Rb8+ 46. Kc3
Kh7 47. Rf8 Kg6 48. d5 Ra8 49. d6 Ra3+ 50. Kb2 Nxd6 51. Kxa3 Nxc4+ 52. Kb3 Ne5
53. Kc3 Nd3 54. Nf4+ Kg7 55. Nxd3 Kxf8 56. Nf4 Ke7 57. Kd4 Kd6 58. h4 Ke7 59.
Kd5 Kd7 60. Ng2 Ke7 61. Ne3 f4 62. gxf4 Kf7 63. Kxe4 Kg6 64. f5+ Kh5 65. Nd5 Kxh4
66. Nxf6 Kg5 67. Ke5 Kh6 68. Ng4+ Kg7 69. f6+ Kf7 70. f4 1-0

[Event "Druzynowe Mistrzostwa Polski Juniorow 2018 - II Liga"]
[Site "Szczyrk"]
[Date "1899-12-30"]
[Round "2.98"]
[White "Bochenek, Ryszard"]
[Black "Mirowska, Oliwia"]
[Result "1/2-1/2"]
[WhiteTitle "II"]
[BlackTitle "I++"]
[WhiteElo "1296"]
[BlackElo "1429"]

1. d4 d6 2. Nf3 f5 3. g3 Nf6 4. Bg2 g6 5. c4 Bg7 6. Nc3 O-O 7. O-O c6 8. Re1 Nh5
9. e3 Qc7 10. Ne2 e5 11. d5 c5 12. Rb1 Na6 13. a3 Bh6 14. e4 f4 15. h3 g5 16.
g4 Nf6 17. Nc3 Bd7 18. Bf1 Qd8 19. b4 Kf7 20. b5 Nc7 21. b6 Nce8 22. bxa7 Rxa7
23. Qb3 Rg8 24. Nh2 Bf8 25. Qb6 Qxb6 26. Rxb6 h5 27. f3 hxg4 28. hxg4 Rh8 29.
Nb5 Bxb5 30. Rxb5 Be7 31. Re2 Nd7 32. Reb2 b6 33. R5b3 Nef6 34. Ra2 Rha8 35. Bd2
Bf8 1/2-1/2

[Event "Druzynowe Mistrzostwa Polski Juniorow 2018 - II Liga"]
[Site "Szczyrk"]
[Date "1899-12-30"]
[Round "2.99"]
[White "Bartuzi, Krzysztof"]
[Black "Rzasa, Mateusz"]
[Result "1-0"]
[WhiteTitle "II"]
[BlackTitle "II"]
[WhiteElo "1200"]
[BlackElo "1092"]

1. e4 e5 2. Nf3 Nc6 3. d4 exd4 4. Nxd4 Bc5 5. Be3 Qe7 6. Nb5 Bd6 7. Nxd6+ cxd6
8. Nc3 Nf6 9. Nb5 O-O 10. f3 Ne8 11. Qd2 f5 12. exf5 Rxf5 13. Bc4+ Kh8 14. O-O-O
Ne5 15. Nd4 Rf6 16. Bb3 Rg6 17. h4 h6 18. g4 a5 19. h5 Rf6 20. g5 Rf8 21. gxh6
gxh6 22. Bxh6 Ng7 23. Rdg1 Rf6 24. Bxg7+ Qxg7 25. Rxg7 Kxg7 26. Qg5+ Ng6 27. h6+
Kf8 28. Qxf6+ Ke8 29. Bf7+ Kf8 30. Bxg6+ Kg8 31. h7# 1-0

[Event "Druzynowe Mistrzostwa Polski Juniorow 2018 - II Liga"]
[Site "Szczyrk"]
[Date "1899-12-30"]
[Round "2.100"]
[White "Trusz, Julia"]
[Black "Pedrak, Paulina"]
[Result "1-0"]
[WhiteTitle "I+"]
[BlackTitle "I"]
[WhiteElo "1699"]
[BlackElo "1405"]

1. e4 c5 2. Nf3 e6 3. d4 cxd4 4. Nxd4 a6 5. Bd3 Qc7 6. O-O Nc6 7. Nb3 Nf6 8. Nc3
b5 9. a3 Be7 10. Be3 O-O 11. f4 d6 12. Kh1 Bb7 13. Qf3 Rad8 14. Qh3 e5 15. f5
Rfe8 16. g4 d5 17. Nxd5 Nxd5 18. exd5 Rxd5 19. Be4 Nd4 20. f6 Bxf6 21. Qxh7+ Kf8
22. g5 Bd8 23. Qh8+ Ke7 24. Qxg7 1-0

[Event "Druzynowe Mistrzostwa Polski Juniorow 2018 - II Liga"]
[Site "Szczyrk"]
[Date "1899-12-30"]
[Round "2.101"]
[White "Hals, Emilia"]
[Black "Opalka, Marta"]
[Result "1-0"]
[WhiteTitle "I"]
[BlackTitle "III"]
[WhiteElo "1243"]
[BlackElo "1000"]

1. e4 e5 2. Nf3 Nc6 3. d4 f6 4. d5 Nce7 5. c4 d6 6. Bd3 Ng6 7. O-O Nf4 8. Bxf4
exf4 9. Nd4 c5 10. dxc6 bxc6 11. Nxc6 Qc7 12. Nd4 Bd7 13. Nc3 Qc8 14. Nd5 g5 15.
Qh5+ Kd8 16. Qf7 Be7 17. Qg7 Bh3 18. Nf5 Bg4 19. Qxh8 Qe6 20. Nfxe7 Bh3 21. Qxg8+
Kd7 22. Qxe6+ Bxe6 23. Rac1 g4 24. c5 dxc5 25. Rxc5 h5 26. Bb5+ Kd6 27. Rfc1 Rh8
28. Rc6+ Ke5 29. Ng6+ Kxe4 30. R6c4+ Kf5 31. Nxh8 Bxd5 32. Rc5 Ke6 33. Bc6 Bxa2
34. Rd1 h4 35. Bd5+ Kd6 36. Bxa2+ Kxc5 37. Kf1 f3 38. Rd5+ Kc6 39. gxf3 gxf3 40.
Ke1 a6 41. Kd2 h3 42. Kd3 Kb6 43. Kc4 Kc6 44. Ng6 a5 45. Ne7+ Kb6 46. Rd6+ Kc7
47. Kc5 Kb7 48. Rc6 f5 49. Nd5 f4 50. Rc7+ Ka6 51. Kc6 a4 52. Bc4+ Ka5 53. Ra7#
1-0

[Event "Druzynowe Mistrzostwa Polski Juniorow 2018 - II Liga"]
[Site "Szczyrk"]
[Date "1899-12-30"]
[Round "2.102"]
[White "Krupinski, Mikolaj"]
[Black "Markiewicz, Krzysztof"]
[Result "1-0"]
[WhiteTitle "II"]
[BlackTitle "II"]
[WhiteElo "1531"]
[BlackElo "1438"]

1. e4 c5 2. Nc3 d6 3. g3 Nf6 4. Bg2 e6 5. d3 Be7 6. Be3 O-O 7. f4 Nc6 8. h3 a6
9. Nge2 Qc7 10. O-O b5 11. g4 Bb7 12. g5 Nd7 13. Ng3 b4 14. Na4 Nd4 15. c3 bxc3
16. bxc3 Nb5 17. d4 d5 18. e5 Rfc8 19. f5 cxd4 20. cxd4 Qc2 21. fxe6 fxe6 22.
Qg4 Qg6 23. h4 Ba3 24. h5 Qe8 25. Bh3 Rc6 26. g6 h6 27. Rf7 Bc8 28. Raf1 Nb6 29.
Nc5 Nc7 30. Bxh6 gxh6 31. Rf8+ Qxf8 32. Rxf8+ Kxf8 33. Qf4+ Ke8 34. Qf7+ Kd8 35.
g7 Ne8 36. Qg8 Bd7 37. Nxd7 Nxd7 38. Qfxe8+ Kc7 39. Qxa8 Kb6 40. Qgd8+ Rc7 41.
Qxc7+ Kxc7 42. Qa7+ Kc6 43. Bxe6 Nxe5 44. dxe5 Bc5+ 45. Qxc5+ Kxc5 46. Bc8 a5
47. Nf5 d4 48. Kf2 d3 49. Ke3 Kc4 50. Ba6+ Kd5 51. Bxd3 Kxe5 52. Nxh6 Kf6 53.
Be2 Kg5 54. Nf7+ Kf6 55. Nd6 a4 56. Ne4+ 1-0

[Event "Druzynowe Mistrzostwa Polski Juniorow 2018 - II Liga"]
[Site "Szczyrk"]
[Date "1899-12-30"]
[Round "2.103"]
[White "Szczepanski, Grzegorz"]
[Black "Owoc, Jakub"]
[Result "0-1"]
[WhiteTitle "III"]
[BlackTitle "II"]
[WhiteElo "1184"]
[BlackElo "1511"]

1. d4 Nf6 2. c4 e5 3. dxe5 Ng4 4. Nf3 Bc5 5. e3 Nc6 6. Nc3 Ngxe5 7. Be2 d6 8. O-O
Be6 9. b3 O-O 10. Nd4 Qh4 11. f4 Ng4 12. Bxg4 Bxg4 13. Nf3 Qf6 14. Qe1 Qxf4 15.
Nd5 Qe4 16. Nxc7 Rac8 17. Nd5 h6 18. Qg3 f6 19. Bd2 Rce8 20. Nh4 f5 21. Kh1 g5
22. Nf3 Ne7 23. Nxe7+ Rxe7 24. Rae1 Rf6 25. Nd4 Qd3 26. Rf2 Bxd4 27. exd4 Rxe1+
28. Bxe1 Qxd4 29. h3 Bh5 30. Bc3 Qd1+ 31. Kh2 f4 32. Qxg5+ hxg5 33. Bxf6 Qe1 34.
Bd4 b6 35. g4 fxg3+ 36. Kxg3 Qg1+ 37. Rg2 Qxd4 38. Rf2 g4 39. hxg4 Qxg4+ 40. Kh2
Qd4 41. Rg2+ Kf7 42. Kh3 Bf3 43. Rg3 0-1

[Event "Druzynowe Mistrzostwa Polski Juniorow 2018 - II Liga"]
[Site "Szczyrk"]
[Date "1899-12-30"]
[Round "2.104"]
[White "Wiszniewski, Szymon"]
[Black "Zychlewicz, Tomasz"]
[Result "1-0"]
[WhiteTitle "II"]
[BlackTitle "II"]
[WhiteElo "1257"]
[BlackElo "1252"]

1. e4 e5 2. Nf3 Nf6 3. Bc4 h6 4. Nxe5 Qe7 5. Nxf7 Qxe4+ 6. Qe2 Qxe2+ 7. Kxe2 Rh7
8. Ne5 d5 9. Bd3 Rh8 10. Bg6+ Ke7 11. Re1 Be6 12. Kf1 Nbd7 13. d4 Rc8 14. b3 c5
15. Ba3 b6 16. Nc3 h5 17. Nf7 Rg8 18. Ng5 Rc6 19. Bf7 Rh8 20. Bxe6 Kd8 21. Nf7+
Kc8 22. Nxh8 a6 23. Nf7 Kc7 24. Bxd7 Kxd7 25. Ne5+ Kc7 26. Nxc6 Kxc6 27. Re6+
Kc7 28. Rae1 Bd6 29. dxc5 bxc5 30. Nxd5+ Nxd5 31. Rxd6 Kxd6 32. Rd1 Kc6 33. Rxd5
Kxd5 34. Ke2 Kd4 35. Bb2+ Kd5 36. Bxg7 c4 37. f4 cxb3 38. axb3 Ke4 39. g3 Kf5
40. c4 Ke6 41. c5 Kd5 42. f5 Kxc5 43. f6 h4 44. f7 h3 45. Qf8+ Kb5 46. Qc8 Ka5
47. Qc5# 1-0

[Event "Druzynowe Mistrzostwa Polski Juniorow 2018 - II Liga"]
[Site "Szczyrk"]
[Date "1899-12-30"]
[Round "2.105"]
[White "Baszczynski, Gabriel"]
[Black "Bar, Klaudia"]
[Result "1-0"]
[WhiteTitle "II"]
[BlackTitle "I"]
[WhiteElo "1370"]
[BlackElo "1478"]

1. Nf3 d5 2. g3 c5 3. Bg2 Nc6 4. O-O e5 5. d3 f6 6. e4 d4 7. Nbd2 Be6 8. b3 Qd7
9. Bb2 Nge7 10. Ne1 g5 11. h3 h5 12. Kh2 Ng6 13. f3 h4 14. g4 Nf4 15. Bc1 O-O-O
16. Nb1 Nxg2 17. Kxg2 Bd6 18. Na3 Bb8 19. Nc4 b5 20. Nb2 Qd6 21. a4 b4 22. Nc4
Qc7 23. a5 Ne7 24. a6 Ng6 25. Na5 Qb6 26. Nb7 Rdg8 27. Bd2 Nf4+ 28. Kh2 f5 29.
gxf5 Bxf5 30. exf5 e4 31. dxe4 Qc7 32. Ra5 Nd3+ 33. f4 gxf4 34. Nxd3 Qg7 35. Rxc5+
Kd7 36. Rd5+ Kc8 37. Rg1 f3+ 38. Nd6+ Bxd6+ 39. Rxd6 Qc7 40. Bf4 f2 41. Nxf2 Rxg1
42. Qxg1 Qc3 43. Nd3 Qxc2+ 44. Qg2 Qxd3 45. Rc6+ Kd7 46. Rc7+ Kd8 47. Qg5+ Ke8
48. Qe7# 1-0

[Event "Druzynowe Mistrzostwa Polski Juniorow 2018 - II Liga"]
[Site "Szczyrk"]
[Date "1899-12-30"]
[Round "2.106"]
[White "Pawlak, Emilia"]
[Black "Dixa, Joanna"]
[Result "1-0"]
[WhiteTitle "I"]
[BlackTitle "I"]
[WhiteElo "1415"]
[BlackElo "1388"]

1. e4 c5 2. Nf3 e6 3. d3 a6 4. g3 b5 5. Bg2 Bb7 6. O-O d6 7. Nbd2 Be7 8. Re1 Nd7
9. Nf1 Qc7 10. Bf4 Ngf6 11. Qe2 O-O 12. h4 Qc6 13. N1h2 Rac8 14. Rad1 Nh5 15.
Bd2 Nhf6 16. a3 c4 17. Bb4 cxd3 18. cxd3 Rfe8 19. g4 Qb6 20. Nd2 a5 21. Bc3 b4
22. Nc4 Qb5 23. Bd2 Nc5 24. g5 Nfd7 25. h5 Nb3 26. g6 Nd4 27. gxf7+ Kxf7 28. Qg4
Nf6 29. Qh3 Qxh5 30. Qxh5+ Nxh5 31. Nxa5 Ba6 32. Bxb4 Nc2 33. Rf1 Nf4 34. e5 Nxb4
35. axb4 Bxd3 36. Rfe1 dxe5 37. Rxe5 Bxb4 38. Nf3 Rc2 39. Nd4 Rxb2 40. Ndc6 Bd6
41. Re3 Bc5 42. Ne5+ Ke7 43. Nac6+ Kd6 44. Nxd3 Nxg2 45. Nxb2+ Kxc6 46. Re4 Rf8
47. Nd3 Bxf2+ 48. Nxf2 Nf4 49. Rc1+ Kd7 50. Rd4+ Nd5 51. Ne4 Ke7 52. Rf1 Rxf1+
53. Kxf1 Nf6 54. Nxf6 Kxf6 55. Rf4+ Kg5 56. Rf7 Kg6 57. Rc7 Kf6 58. Kf2 h5 59.
Kg3 g5 60. Rc5 e5 61. Rc8 Kf5 62. Rf8+ Kg6 63. Kf3 g4+ 64. Kg3 e4 65. Rf4 e3 66.
Re4 Kg5 67. Re5+ Kg6 68. Rxe3 Kf5 69. Re8 Kf6 70. Kh4 Kf5 71. Kxh5 Kf4 72. Kh4
g3 73. Rg8 g2 74. Rxg2 1-0

[Event "Druzynowe Mistrzostwa Polski Juniorow 2018 - II Liga"]
[Site "Szczyrk"]
[Date "1899-12-30"]
[Round "2.107"]
[White "Chlasta, Joanna"]
[Black "Szopa, Emilia"]
[Result "0-1"]
[WhiteTitle "IV"]
[BlackTitle "I"]
[WhiteElo "1000"]
[BlackElo "1422"]

1. e4 Nf6 2. Nc3 d6 3. Nf3 Nc6 4. Bb5 Bg4 5. O-O e6 6. Bxc6+ bxc6 7. d3 Be7 8.
Rb1 O-O 9. b4 Nd7 10. b5 cxb5 11. Rxb5 Ne5 12. d4 Nxf3+ 13. gxf3 c6 14. Rb2 Bh5
15. d5 cxd5 16. exd5 Bf6 17. Rb3 Be5 18. Qd3 Qf6 19. f4 Bxf4 20. Bxf4 Qxf4 21.
Qg3 Qxg3+ 22. hxg3 Rab8 23. Re1 Bg4 24. Reb1 Rbc8 25. Nb5 Rxc2 26. Nxd6 exd5 27.
Rb8 g6 28. R1b7 Be6 29. f4 d4 30. Rxf8+ Kxf8 31. Rb8+ Ke7 32. Ne4 d3 33. Rb7+
Kf8 34. Rb8+ Kg7 35. Rd8 Bf5 36. Nd6 d2 37. Ne8+ Kf8 38. Nf6+ Ke7 39. Rd5 Kxf6
40. Rd6+ Kg7 41. a4 Rc1+ 42. Kf2 Qd1 43. Rxd1 Rxd1 44. Ke3 Kf6 45. a5 Rd3+ 46.
Kf2 g5 47. fxg5+ Kxg5 48. a6 Kg4 49. Ke1 Kf3 50. g4 Bxg4 51. Kf1 Rd1# 0-1

[Event "Druzynowe Mistrzostwa Polski Juniorow 2018 - II Liga"]
[Site "Szczyrk"]
[Date "1899-12-30"]
[Round "3.1"]
[White "Kawalko, Adam"]
[Black "Karpus, Michal"]
[Result "0-1"]
[WhiteTitle "I"]
[BlackTitle "FM"]
[WhiteElo "1751"]
[BlackElo "2364"]

1. e4 e5 2. Nf3 Nc6 3. Bc4 Nf6 4. d3 h6 5. c3 d6 6. Nbd2 g5 7. h3 Bg7 8. Nf1 Ne7
9. Ne3 c6 10. g4 Be6 11. Bb3 Qc7 12. Nf5 Nxf5 13. exf5 Bxb3 14. axb3 a6 15. Qe2
O-O-O 16. Bd2 Rhe8 17. O-O-O Qa5 18. Kc2 e4 19. Nh2 c5 20. c4 Qb6 21. Rhe1 d5
22. Bc3 d4 23. Bd2 Nd7 24. Ra1 Qd6 25. Nf1 exd3+ 26. Qxd3 Ne5 27. Rxe5 Bxe5 28.
Re1 Bf4 29. Re4 Rxe4 30. Qxe4 d3+ 31. Kc1 Rd7 32. Bxf4 gxf4 33. Qe8+ Rd8 34. Qxf7
d2+ 35. Kd1 Qd3 36. Qe6+ Kb8 37. Qe5+ Ka8 38. Ne3 Qb1+ 39. Ke2 Qd1+ 0-1

[Event "Druzynowe Mistrzostwa Polski Juniorow 2018 - II Liga"]
[Site "Szczyrk"]
[Date "1899-12-30"]
[Round "3.2"]
[White "Poltorak, Sebastian"]
[Black "Dytman, Radoslaw"]
[Result "0-1"]
[WhiteTitle "I"]
[BlackTitle "I"]
[WhiteElo "1810"]
[BlackElo "1728"]

1. d4 d6 2. c4 e5 3. Nc3 exd4 4. Qxd4 Nc6 5. Qd2 g6 6. b3 Bg7 7. Bb2 Nf6 8. g3
Be6 9. Bg2 O-O 10. e4 Re8 11. Nge2 Nd7 12. O-O Nc5 13. Nd5 Bxb2 14. Qxb2 Bxd5
15. exd5 Ne5 16. Qd2 a5 17. Rac1 Qf6 18. Rc3 Re7 19. Nd4 Rae8 20. h3 Ned7 21.
f3 Qe5 22. Qf2 f5 23. f4 Qg7 24. Ne6 Qxc3 0-1

[Event "Druzynowe Mistrzostwa Polski Juniorow 2018 - II Liga"]
[Site "Szczyrk"]
[Date "1899-12-30"]
[Round "3.3"]
[White "Topola, Rafal"]
[Black "Meers, Hubert"]
[Result "1/2-1/2"]
[WhiteTitle "I"]
[BlackTitle "I+"]
[WhiteElo "1570"]
[BlackElo "1808"]

1. e4 g6 2. d4 Bg7 3. Nf3 c6 4. Bd3 d5 5. e5 f6 6. exf6 Nxf6 7. Bf4 Bg4 8. Nbd2
O-O 9. h3 Bxf3 10. Nxf3 Nbd7 11. Ng5 Qb6 12. Ne6 Rf7 13. O-O Nf8 14. Bc7 Qxb2
15. Rb1 Qxa2 16. Ng5 b5 17. Nxf7 Kxf7 18. Ra1 Qb2 19. Bb6 N8d7 20. Bxa7 Qb4 21.
Bc5 Rxa1 22. Bxb4 Rxd1 23. Rxd1 Nb6 24. Re1 e6 25. Ra1 Na4 26. c3 Nd7 27. Bc2
Ndb6 28. Ba5 Bh6 29. Bxb6 Nxb6 30. Ra7+ Kf6 31. Rxh7 Bd2 32. Rc7 Bxc3 33. Rxc6
Bxd4 34. Kf1 Nc4 35. Bd3 Ne5 36. Bxb5 Nxc6 37. Bxc6 Bc5 38. Ke2 Bd4 39. Bb7 Bc5
1/2-1/2

[Event "Druzynowe Mistrzostwa Polski Juniorow 2018 - II Liga"]
[Site "Szczyrk"]
[Date "1899-12-30"]
[Round "3.4"]
[White "Zabrzanska, Weronika"]
[Black "Madajczak, Piotr"]
[Result "1/2-1/2"]
[WhiteTitle "I++"]
[BlackTitle "I"]
[WhiteElo "1570"]
[BlackElo "1630"]

1. e4 c5 2. Nf3 Nc6 3. d4 cxd4 4. Nxd4 g6 5. g3 Bg7 6. Ne2 Nf6 7. Bg2 O-O 8. Nbc3
d6 9. O-O Bd7 10. h3 a6 11. a4 Qc7 12. Be3 Ne5 13. b3 Bc6 14. Nd5 Bxd5 15. exd5
Rac8 16. Ra2 Qa5 17. Bd2 Qc5 18. Be3 Qa5 19. Bd2 Qc7 20. Be3 Ned7 21. Re1 Nc5
22. Bxc5 Qxc5 23. Nf4 Rc7 24. a5 Rfc8 25. c4 b5 26. axb6 Qxb6 27. Qd3 Rb8 28.
Qe3 Bf8 29. Qxb6 Rxb6 30. Ra3 Rcb7 31. Rea1 Rxb3 32. Rxb3 Rxb3 33. Rxa6 Rc3 34.
Ra4 Rc1+ 35. Kh2 Rc2 36. Kg1 Rc1+ 37. Kh2 Rc2 1/2-1/2